| 000 | 01105cac a2200325 c 4500 | ||
|---|---|---|---|
| 003 | Co-PeBPM | ||
| 005 | 20260408115354.0 | ||
| 007 | ta | ||
| 008 | 161108s2004 ck a g 000 j spa | ||
| 020 | _a8484182002 | ||
| 040 | 0 |
_aCo-PeBPM _bspa _erda _cCo-PeBPM |
|
| 041 | _aspa | ||
| 082 |
_a(i) 813.54 H47s _222 |
||
| 100 | 1 | 0 |
_aHissey, Jane, _eautor _973724 |
| 245 | 1 | 0 |
_a!Splash! _c/ Jane Hissey ; traducción Violeta I. Pérez. |
| 250 | _aprimera edición | ||
| 264 | 1 |
_aBarcelona, España _b: Zendrera Zariquiey _c, 2004 |
|
| 300 |
_a28 páginas : _b: ilustraciones en color _c; 24 centímetros |
||
| 500 | _aIncluye índice. | ||
| 648 | 1 | 7 |
_aSiglo XX _2LEMB |
| 650 | 1 | 7 |
_aAmistad en la literatura _2LEMB _9497 |
| 650 | 1 | 7 |
_aAventuras en la literatura _2LEMB _98911 |
| 650 | 1 | 7 |
_aCuentos _2LEMB |
| 650 | 1 | 7 |
_aCuentos infantiles ingleses _2LEMB _981983 |
| 650 | 0 | 7 |
_aJuguetes en la literatura _2LEMB _9916 |
| 650 | 1 | 7 |
_aLiteratura infantil inglesa _2LEMB _946451 |
| 650 | 1 | 7 |
_aOsos de peluche en la literatura _2LEMB _973726 |
| 700 | 1 | 0 |
_aPérez Gil, Violeta _etraducción _973729 |
| 942 |
_2ddc _cBK |
||
| 999 |
_c107312 _d107312 |
||